Atlas of economic development

Đã lưu trong:
書目詳細資料
主要作者: Norton Ginsburg
格式: 圖書
語言:Undetermined
出版: Chicago Univ. of Chicago Press 1961
主題:
標簽: 添加標簽
沒有標簽, 成為第一個標記此記錄!
Thư viện lưu trữ: Trung tâm Học liệu Trường Đại học Cần Thơ
LEADER 00488nam a2200181Ia 4500
001 CTU_26776
008 210402s9999 xx 000 0 und d
082 |a 912 
082 |b G492 
100 |a Norton Ginsburg 
245 0 |a Atlas of economic development 
245 0 |c Norton Ginsburg 
260 |a Chicago 
260 |b Univ. of Chicago Press 
260 |c 1961 
650 |a atlases,world geography 
904 |i Minh, 981020 
980 |a Trung tâm Học liệu Trường Đại học Cần Thơ